Účelové cesty ako kategória pozemnej komunikácie
Účelová cesta je jednou zo štyroch kategórií pozemnej komunikácie, ktorú rozlišuje naša legislatíva. Obce majú vo svojej kompetencii aj tento druh pozemnej komunikácie, pričom práve účelové cesty získavajú v priebehu existencie SR stále väčší význam. Ide o jedinú kategóriu pozemnej komunikácie, ktor...
Gespeichert in:
| 1. Verfasser: | |
|---|---|
| Format: | Buchkapitel |
| Sprache: | Slowakisch |
| Schlagworte: | |
| Tags: |
Keine Tags, Fügen Sie das erste Tag hinzu!
|
MARC
| LEADER | 00000naa a2200000 4500 | ||
|---|---|---|---|
| 001 | 0300204 | ||
| 005 | 20240430101719.3 | ||
| 041 | 0 | |a slo | |
| 044 | |a SK | ||
| 245 | 1 | 0 | |a Účelové cesty ako kategória pozemnej komunikácie |c Michal Daniel |
| 520 | |a Účelová cesta je jednou zo štyroch kategórií pozemnej komunikácie, ktorú rozlišuje naša legislatíva. Obce majú vo svojej kompetencii aj tento druh pozemnej komunikácie, pričom práve účelové cesty získavajú v priebehu existencie SR stále väčší význam. Ide o jedinú kategóriu pozemnej komunikácie, ktorú môže vlastniť súkromná právnická alebo fyzická osoba, preto sa pri tomto druhu pozemnej komunikácie mieša verejný záujem so súkromným. | ||
| 610 | 2 | 0 | |a cesty |
| 610 | 2 | 0 | |a cesty dopravné |
| 610 | 2 | 0 | |a obce |
| 610 | 2 | 0 | |a legislatíva |
| 610 | 2 | 0 | |a osoby právnické |
| 610 | 2 | 0 | |a osoby fyzické |
| 100 | 1 | |a Daniel, Michal | |